00743nam a22001937a 450000500170000001000150001702000270003203500140005903700090007308200170008224500910009926000420019027000610023230000240029370000430031794200310036099900190039195201390041020240521124143.0 aENG-140424 a9789392038051c1295.00 aEN-123956 bDBAD a306.36209541 aSlavery and Servitude in Precolonial Northeast India/cEdited By Amrendra Kumar Thakur aGuwahati, AssambEBH Publishersc2018 a136, M.L. Nehru Road, Panbazar bGuwahati, Assame781001 avii,191p.c23cm(Hb) aThakur, Amrendra Kumar eEditor966624 2ddccENh306.36209541mSLA c203092d203092 001040708NFICaBL1bBL1d2024-05-21eDBADg1295.00l0o306.36209541 SLApEN-123956r2024-05-21 00:00:00t1v1295.00w2024-05-21yEN